000 00540nam a2200205Ia 4500
001 18979
003 GE_BSU
008 181216s||||||||xx |||||||||||||| ||und||
040 _cGE_BSU
245 _aГенетика,Том 52,№2.2016.
245 _cГл.ред.С.В.Шестаков и др.
250 _aЕжемесячный журнал
260 _aМосква
260 _bНаука
260 _c2016
300 _a264стр,29см
653 _aГенетика
653 _aპერიოდიკა
942 _cCR
999 _c51976
_d51976